<?xml version="1.0" encoding="UTF-8"?><?xml-stylesheet type="text/xsl" href="static/style.xsl"?><OAI-PMH xmlns="http://www.openarchives.org/OAI/2.0/" xmlns:xsi="http://www.w3.org/2001/XMLSchema-instance" xsi:schemaLocation="http://www.openarchives.org/OAI/2.0/ http://www.openarchives.org/OAI/2.0/OAI-PMH.xsd"><responseDate>2026-04-17T03:44:56Z</responseDate><request verb="GetRecord" identifier="oai:www.recercat.cat:10459.1/466023" metadataPrefix="marc">https://recercat.cat/oai/request</request><GetRecord><record><header><identifier>oai:recercat.cat:10459.1/466023</identifier><datestamp>2025-09-15T18:30:49Z</datestamp><setSpec>com_2072_3622</setSpec><setSpec>col_2072_479130</setSpec></header><metadata><record xmlns="http://www.loc.gov/MARC21/slim" xmlns:dcterms="http://purl.org/dc/terms/" xmlns:xsi="http://www.w3.org/2001/XMLSchema-instance" xmlns:doc="http://www.lyncode.com/xoai" xsi:schemaLocation="http://www.loc.gov/MARC21/slim http://www.loc.gov/standards/marcxml/schema/MARC21slim.xsd">
   <leader>00925njm 22002777a 4500</leader>
   <datafield ind2=" " ind1=" " tag="042">
      <subfield code="a">dc</subfield>
   </datafield>
   <datafield ind2=" " ind1=" " tag="720">
      <subfield code="a">Bottegal, Diego Nicolas</subfield>
      <subfield code="e">author</subfield>
   </datafield>
   <datafield ind2=" " ind1=" " tag="720">
      <subfield code="a">Latorre, Maria Angeles</subfield>
      <subfield code="e">author</subfield>
   </datafield>
   <datafield ind2=" " ind1=" " tag="720">
      <subfield code="a">Lobón, Sandra</subfield>
      <subfield code="e">author</subfield>
   </datafield>
   <datafield ind2=" " ind1=" " tag="720">
      <subfield code="a">Verdú Piqué, Marçal</subfield>
      <subfield code="e">author</subfield>
   </datafield>
   <datafield ind2=" " ind1=" " tag="720">
      <subfield code="a">Álvarez Rodríguez, Javier</subfield>
      <subfield code="e">author</subfield>
   </datafield>
   <datafield ind2=" " ind1=" " tag="260">
      <subfield code="c">2024-06-22</subfield>
   </datafield>
   <datafield ind2=" " ind1=" " tag="520">
      <subfield code="a">This study aimed to assess the impact on growth, economic results, apparent nutrient digestibility (CTTAD), physiological variables, and animal behaviour when 214 fattening pigs (78±8.5 kg of initial body weight and 130±4.5 days of age) of both sexes (gilts and boars) were fed two levels of carob pulp (Cp, 0 vs. 20%) and two doses of vitamin E (Vit E, 30 vs. 300 IU/kg) for 40 days. No interaction effects between factors studied (Cp, Vit E, and sex) were observed on the variables. MostproductivetraitswereunaffectedbyCporVitEinclusion. However,theCpincreased the feed conversion ratio during the first 20 days. The Cp group showed a higher CTTAD of ether extract and hemicellulose but lower CTTAD of crude protein. Pigs fed Cp had a lower plasmatic urea content than the control group. The high Vit E doses increased the CTTAD of every nutrient and the plasmatic α-tocopherol content. The pigs fed Cp tended to spend more time eating in the early morning, likely to mitigate tannins' astringent effects. Dietary inclusion of 20% Cp in finishing high-conformation pigs is possible without affecting overall performance though it reduces nutrient CTTADandincreasesfeedingcost. Supra-nutritionaldosesofVitEdonotaffectpigperformancebut increase the α-tocopherol deposition with potential antioxidant effects.</subfield>
   </datafield>
   <datafield ind2=" " ind1=" " tag="520">
      <subfield code="a">This work was supported by the European Union’s H2020 research and innovation programme under Marie Sklodowska-Curie (grant number No. 801586) and by the Technology Transfer Operation of the Rural Development Program of Catalonia 2014–2020 (Government of Catalonia and the European Regional Development Funds. Grant code 01.02.01).</subfield>
   </datafield>
   <datafield tag="653" ind2=" " ind1=" ">
      <subfield code="a">Carob pulp</subfield>
   </datafield>
   <datafield tag="653" ind2=" " ind1=" ">
      <subfield code="a">α-tocopherol</subfield>
   </datafield>
   <datafield tag="653" ind2=" " ind1=" ">
      <subfield code="a">Condensed tannin</subfield>
   </datafield>
   <datafield tag="653" ind2=" " ind1=" ">
      <subfield code="a">Polyphenol</subfield>
   </datafield>
   <datafield tag="653" ind2=" " ind1=" ">
      <subfield code="a">Palatability</subfield>
   </datafield>
   <datafield ind2="0" ind1="0" tag="245">
      <subfield code="a">Fattening pigs with tannin-rich source (Ceratonia siliqua L.) and high doses of vitamin E: Effects on growth performance, economics, digestibility, physiology, and behaviour</subfield>
   </datafield>
</record></metadata></record></GetRecord></OAI-PMH>